000 00286nam a22001337a 4500
008 180308b xxu||||| |||| 00| 0 eng d
020 _a9781121765603
041 _aeng
080 _a579
100 _a11
101 _aMIK
245 _aMicrobiology
_cMidway College
942 _2udc
_cBK
999 _c44402
_d44402